| 000 | 01215cam a2200277 4500 | ||
|---|---|---|---|
| 001 | ABS67025 | ||
| 008 | 030909n2003 000 0 eng u | ||
| 035 | _a(Sirsi) u123534 | ||
| 100 | _aAuterac, R. | ||
| 245 | _aStandards set to high standards | ||
| 260 | _c2003 | ||
| 490 |
_aEstates Gazette _v(0334) 23 August 2003, 41(1) |
||
| 520 | _aReviews the success of the RICS "Common Auction Conditions: for auctions of real estate in England and Wales" (J119731) which were designed to clarify the process of buying and selling residential and commercial property at auction for the public as well as professionals. Examines initial reactions which seem encouraging with seven of the top 10 auction houses now using the conditions. The RICS Real Estate Auction Group welcomes further feedback from auctioneers and solicitors. | ||
| 590 | _aABS | ||
| 650 | _aRICS COMMON AUCTION CONDITIONS FOR AUCTIONS OF REAL ESTATE IN ENGLAND AND WALES | ||
| 650 | _aPROPERTY TRANSACTIONS | ||
| 650 | _aAUCTION SALES | ||
| 650 | _aINVESTORS | ||
| 650 | _aFEEDBACK | ||
| 650 | _aGUIDANCE | ||
| 650 | _aAUCTIONEERS | ||
| 650 | _aSOLICITORS | ||
| 690 |
_aAuctioneering _96218 |
||
| 700 | _aBagust, P. | ||
| 942 | _n0 | ||
| 999 |
_c73375 _d73375 |
||